[Event "Wch Juvenil 2010 sub16 Femenino"]
[Site "Porto Carras GRE"]
[Date "2010.10.23"]
[Round "4.6"]
[White "Ainutdinova, Yekaterina"]
[Black "Aranaz Murillo, Amalia"]
[Result "1/2-1/2"]
[WhiteElo "1999"]
[BlackElo "2154"]
[PlyCount "82"]
[EventDate "2010.10.20"]
[EventType "swiss"]
[EventRounds "11"]
[EventCountry "GRE"]
[Source "lmi"]
[SourceDate "2010.10.20"]

1. e4 c6 2. d4 d5 3. Nc3 dxe4 4. Nxe4 Bf5 5. Ng3 Bg6 6. h4 h6 7. Nf3 Nd7 8. h5
Bh7 9. Bd3 Bxd3 10. Qxd3 e6 11. Bf4 Qa5+ 12. Bd2 Bb4 13. c3 Be7 14. c4 Qc7 15.
d5 cxd5 16. cxd5 Qd6 17. Qb3 Ngf6 18. dxe6 Qxe6+ 19. Qxe6 fxe6 20. Rc1 Nd5 21.
Ne4 Kf7 22. Ke2 Rhc8 23. g4 N5f6 24. Nxf6 Bxf6 25. Rxc8 Rxc8 26. Rc1 Rxc1 27.
Bxc1 Nb6 28. Kd3 Ke7 29. Nd4 a6 30. Ne2 Nd5 31. a3 Kd6 32. f4 Bd8 33. g5 Ne7
34. Ng3 Nf5 35. Nxf5+ exf5 36. Be3 Be7 37. g6 Bf6 38. Bd4 Bxd4 39. Kxd4 b6 40.
a4 a5 41. b3 Ke6 1/2-1/2

[Event "Wch Juvenil 2010 sub16 Femenino"]
[Site "Porto Carras GRE"]
[Date "2010.10.23"]
[Round "4.7"]
[White "Havanecz, Bianka"]
[Black "Iwanow, Anna"]
[Result "1-0"]
[WhiteElo "1948"]
[BlackElo "2112"]
[PlyCount "81"]
[EventDate "2010.10.20"]
[EventType "swiss"]
[EventRounds "11"]
[EventCountry "GRE"]
[Source "lmi"]
[SourceDate "2010.10.20"]

1. d4 Nf6 2. c4 g6 3. Nc3 Bg7 4. e4 O-O 5. Bd3 d6 6. Nge2 e5 7. d5 Nbd7 8. O-O
Nc5 9. Bc2 a5 10. Ng3 h5 11. Bg5 Qd7 12. Qd2 Nh7 13. Bh6 h4 14. Bxg7 Kxg7 15.
Nge2 Qe7 16. f4 f5 17. exf5 gxf5 18. Kh1 e4 19. Nd1 Nf6 20. Ne3 Bd7 21. Nd4 Nh5
22. b3 Rf7 23. a3 Rh8 24. Rf2 Qf6 25. Qc3 Kh7 26. b4 axb4 27. axb4 Na6 28. c5
Qh6 29. c6 Bc8 30. cxb7 Bxb7 31. Nexf5 Qf6 32. Bxe4 Kg8 33. Re1 Bc8 34. Rf3 Bb7
35. Kg1 Rhh7 36. Qc4 Ng7 37. Ne3 Rh5 38. Ng4 Qd8 39. Bg6 Qa8 40. Bxh5 Nxh5 41.
Nh6+ 1-0

[Event "Wch Juvenil 2010 sub16 Femenino"]
[Site "Porto Carras GRE"]
[Date "2010.10.23"]
[Round "4.8"]
[White "Bacic, Kristina"]
[Black "Phan, Nguyen Mai Chi"]
[Result "0-1"]
[WhiteElo "1796"]
[BlackElo "2106"]
[PlyCount "72"]
[EventDate "2010.10.20"]
[EventType "swiss"]
[EventRounds "11"]
[EventCountry "GRE"]
[Source "lmi"]
[SourceDate "2010.10.20"]

1. d4 Nf6 2. Nf3 e6 3. Bg5 d5 4. Nbd2 Be7 5. e3 O-O 6. Bd3 b6 7. c3 c5 8. a4
Ba6 9. Bxa6 Nxa6 10. Qe2 Nb8 11. O-O Nbd7 12. Ne5 Nxe5 13. dxe5 Nd7 14. Bxe7
Qxe7 15. f4 c4 16. e4 Nc5 17. exd5 exd5 18. Nf3 Rfe8 19. Qc2 h6 20. Qf5 Nd3 21.
Ra2 Qc5+ 22. Nd4 a6 23. Kh1 Rab8 24. Qd7 Rbd8 25. Qb7 a5 26. Qc6 Nb4 27. Qxc5
bxc5 28. cxb4 cxd4 29. b5 Rc8 30. Rd1 d3 31. Kg1 f6 32. b3 fxe5 33. bxc4 dxc4
34. fxe5 c3 35. Rxd3 c2 36. Rxc2 Rxc2 0-1

[Event "Wch Juvenil 2010 sub16 Femenino"]
[Site "Porto Carras GRE"]
[Date "2010.10.23"]
[Round "4.9"]
[White "Danelia, Mariam"]
[Black "Chkhan, Viktoria"]
[Result "1-0"]
[WhiteElo "2213"]
[BlackElo "1982"]
[PlyCount "71"]
[EventDate "2010.10.20"]
[EventType "swiss"]
[EventRounds "11"]
[EventCountry "GRE"]
[Source "lmi"]
[SourceDate "2010.10.20"]

1. d4 d5 2. c4 e6 3. Nf3 Nf6 4. Nc3 c6 5. Bg5 h6 6. Bxf6 Qxf6 7. e3 g6 8. Bd3
Bg7 9. O-O O-O 10. Qc2 Nd7 11. cxd5 exd5 12. b4 Qd6 13. Qb3 Nb6 14. Rfe1 Bg4
15. Nd2 Rfc8 16. a4 Be6 17. Rec1 Nd7 18. a5 f5 19. Ne2 Rc7 20. Ra2 Rac8 21.
Rac2 Bf7 22. Qa4 Nb8 23. Rc3 b6 24. Rb1 Qe7 25. Qc2 c5 26. bxc5 bxc5 27. Rxc5
Rxc5 28. dxc5 Bf8 29. Nb3 Qe5 30. Ned4 Kg7 31. Rc1 f4 32. exf4 Qxf4 33. Bxg6
Bxc5 34. Nxc5 Qxd4 35. Bxf7 Kxf7 36. Qf5+ 1-0

[Event "Wch Juvenil 2010 sub16 Femenino"]
[Site "Porto Carras GRE"]
[Date "2010.10.23"]
[Round "4.10"]
[White "Gevorgyan, Maria"]
[Black "Lach, Aleksandra"]
[Result "1-0"]
[WhiteElo "1981"]
[BlackElo "2206"]
[PlyCount "54"]
[EventDate "2010.10.20"]
[EventType "swiss"]
[EventRounds "11"]
[EventCountry "GRE"]
[Source "lmi"]
[SourceDate "2010.10.20"]

1. e4 c5 2. Nc3 a6 3. g3 b5 4. Bg2 Bb7 5. Nge2 e6 6. d4 cxd4 7. Nxd4 Ne7 8. O-O
Nbc6 9. Nb3 Ng6 10. Be3 d6 11. f4 h5 12. h4 Na5 13. Nxa5 Qxa5 14. Ne2 Ne7 15.
f5 e5 16. Qxd6 Nc6 17. Qd3 Rd8 18. Qb3 Qb4 19. Qxb4 Nxb4 20. Rad1 Be7 21. Rxd8+
Kxd8 22. c3 Nc6 23. Bb6+ Kc8 24. Rd1 f6 25. Bf3 Nb8 26. Nc1 Nd7 27. Be3 Nf8 1-0

[Event "Wch Juvenil 2010 sub16 Femenino"]
[Site "Porto Carras GRE"]
[Date "2010.10.23"]
[Round "4.11"]
[White "Saranya, J."]
[Black "Chiarion, Elisa"]
[Result "1-0"]
[WhiteElo "2121"]
[BlackElo "1937"]
[PlyCount "67"]
[EventDate "2010.10.20"]
[EventType "swiss"]
[EventRounds "11"]
[EventCountry "GRE"]
[Source "lmi"]
[SourceDate "2010.10.20"]

1. e4 c5 2. Nf3 a6 3. d4 cxd4 4. Nxd4 Nf6 5. Bd3 e5 6. Nb3 Nc6 7. c4 d6 8. Nc3
Be7 9. h3 Be6 10. Be3 O-O 11. O-O Rb8 12. Rc1 Nb4 13. Be2 Nc6 14. Nd2 Nd7 15.
Nd5 f5 16. exf5 Bxf5 17. b4 Bg5 18. b5 Bxe3 19. bxc6 Bxd2 20. c7 Qg5 21. f4
Bxf4 22. cxb8=Q Nxb8 23. Nxf4 exf4 24. Qxd6 Bxh3 25. Qd5+ Qxd5 26. cxd5 Bc8 27.
g3 g5 28. gxf4 gxf4 29. Rc4 Nd7 30. Rcxf4 Re8 31. Bg4 Nb6 32. Bxc8 Rxc8 33. d6
Rd8 34. Rg4+ 1-0

[Event "Wch Juvenil 2010 sub16 Femenino"]
[Site "Porto Carras GRE"]
[Date "2010.10.23"]
[Round "4.12"]
[White "Real, Pereyra Diana Carim"]
[Black "Bea, Boglarka"]
[Result "0-1"]
[WhiteElo "1968"]
[BlackElo "2109"]
[PlyCount "65"]
[EventDate "2010.10.20"]
[EventType "swiss"]
[EventRounds "11"]
[EventCountry "GRE"]
[Source "lmi"]
[SourceDate "2010.10.20"]

1. e4 c5 2. Nf3 e6 3. Nc3 Nc6 4. d4 cxd4 5. Nxd4 Qc7 6. Ndb5 Qb8 7. Be3 a6 8.
Bb6 axb5 9. Nxb5 Bb4+ 10. c3 Ba5 11. Nc7+ Qxc7 12. Bxc7 Bxc7 13. Qg4 g6 14. Bb5
Nge7 15. Qe2 O-O 16. h4 f5 17. h5 fxe4 18. hxg6 hxg6 19. Qxe4 Rf5 20. Be2 Raa5
21. Rh3 Rf4 22. Qc2 Re5 23. f3 Rc5 24. Qd2 Rd5 25. Qe3 Nf5 26. Qg1 Rh4 27. Rd1
Ra5 28. a3 Nce7 29. c4 Bg3+ 30. Kf1 Be5 31. Rd3 Rxc4 32. Rd1 Rc2 33. Qb6 0-1

[Event "Wch Juvenil 2010 sub16 Femenino"]
[Site "Porto Carras GRE"]
[Date "2010.10.24"]
[Round "5.1"]
[White "Ziaziulkina, Nastassia"]
[Black "Arabidze, Meri"]
[Result "1-0"]
[WhiteElo "2284"]
[BlackElo "2288"]
[PlyCount "63"]
[EventDate "2010.10.20"]
[EventType "swiss"]
[EventRounds "11"]
[EventCountry "GRE"]
[Source "lmi"]
[SourceDate "2010.10.20"]

1. e4 c5 2. Nf3 e6 3. d4 cxd4 4. Nxd4 Nc6 5. Nc3 a6 6. Nxc6 bxc6 7. Bd3 Qc7 8.
O-O Nf6 9. Qe2 d6 10. b3 Be7 11. Bb2 e5 12. Na4 O-O 13. Rad1 Bg4 14. f3 Be6 15.
Kh1 Nh5 16. g3 Bh3 17. Rfe1 f5 18. exf5 Bxf5 19. f4 Bxd3 20. Rxd3 Nf6 21. fxe5
dxe5 22. Bxe5 Qb7 23. Bxf6 Bxf6 24. Nc5 Qb4 25. Qe6+ Kh8 26. Nd7 Bc3 27. Re4
Qa3 28. Nxf8 Qc1+ 29. Kg2 Rxf8 30. Rf3 Bf6 31. Qxc6 h6 32. Re8 1-0

[Event "Wch Juvenil 2010 sub16 Femenino"]
[Site "Porto Carras GRE"]
[Date "2010.10.24"]
[Round "5.2"]
[White "Nguyen, Thi Mai Hung"]
[Black "Hakimifard, Ghazal"]
[Result "1-0"]
[WhiteElo "2258"]
[BlackElo "2173"]
[PlyCount "111"]
[EventDate "2010.10.20"]
[EventType "swiss"]
[EventRounds "11"]
[EventCountry "GRE"]
[Source "lmi"]
[SourceDate "2010.10.20"]

1. d4 Nf6 2. Bf4 e6 3. e3 b6 4. Nf3 Bb7 5. Bd3 c5 6. c3 Be7 7. Nbd2 Nh5 8. Bxb8
Rxb8 9. O-O O-O 10. Re1 cxd4 11. cxd4 d6 12. Qa4 Ra8 13. Rac1 a6 14. Qc2 g6 15.
Qc7 Rb8 16. Qxd8 Rfxd8 17. Rc7 Kf8 18. Rec1 Nf6 19. a3 Nd5 20. R7c2 f6 21. g3
b5 22. Ne1 Rdc8 23. Nb3 Bd8 24. Be4 Rxc2 25. Nxc2 a5 26. Bd3 Ba8 27. e4 Ne7 28.
Ne3 a4 29. Nd2 Ba5 30. Nb1 Nc6 31. d5 Nd4 32. Nc3 Nb3 33. Rd1 Bxc3 34. bxc3 e5
35. Rb1 Rb6 36. Bc2 Nc5 37. c4 b4 38. axb4 Na6 39. b5 Nc5 40. Nd1 Rb7 41. Nc3
Rc7 42. b6 Rc8 43. Nxa4 Bb7 44. Nxc5 dxc5 45. Ba4 Ke7 46. Bc6 Rb8 47. Bxb7 Rxb7
48. Rb5 Kd6 49. g4 h5 50. h3 hxg4 51. hxg4 g5 52. Kf1 Rb8 53. b7 Kd7 54. Ke2 f5
55. gxf5 g4 56. Kf1 1-0

[Event "Wch Juvenil 2010 sub16 Femenino"]
[Site "Porto Carras GRE"]
[Date "2010.10.24"]
[Round "5.3"]
[White "Chumpitaz, Ann"]
[Black "Havanecz, Bianka"]
[Result "1-0"]
[WhiteElo "2150"]
[BlackElo "1948"]
[PlyCount "69"]
[EventDate "2010.10.20"]
[EventType "swiss"]
[EventRounds "11"]
[EventCountry "GRE"]
[Source "lmi"]
[SourceDate "2010.10.20"]

1. e4 c5 2. Nf3 d6 3. d4 cxd4 4. Nxd4 Nf6 5. Nc3 a6 6. h3 e5 7. Nde2 Nbd7 8. g4
Nc5 9. Bg2 Be7 10. Ng3 Be6 11. O-O O-O 12. Nf5 Rc8 13. Bg5 Bxf5 14. exf5 Qb6
15. Rb1 a5 16. Qd2 Qa6 17. Bxf6 Bxf6 18. Nd5 Bd8 19. b3 b5 20. g5 Qa7 21. f6
Ne6 22. c3 b4 23. cxb4 Nd4 24. Rbc1 Rxc1 25. Rxc1 axb4 26. Rc4 Ba5 27. fxg7
Kxg7 28. Qd1 Bd8 29. Qh5 Qxa2 30. Qh6+ Kg8 31. Be4 f5 32. gxf6 Rf7 33. Rc8 Qa5
34. Ne7+ Kh8 35. Bxh7 1-0

[Event "Wch Juvenil 2010 sub16 Femenino"]
[Site "Porto Carras GRE"]
[Date "2010.10.24"]
[Round "5.4"]
[White "Phan, Nguyen Mai Chi"]
[Black "Gagare, Shalmali"]
[Result "1-0"]
[WhiteElo "2106"]
[BlackElo "2110"]
[PlyCount "109"]
[EventDate "2010.10.20"]
[EventType "swiss"]
[EventRounds "11"]
[EventCountry "GRE"]
[Source "lmi"]
[SourceDate "2010.10.20"]

1. d4 Nf6 2. c4 g6 3. Nc3 Bg7 4. e4 d6 5. f3 Nc6 6. Be3 a6 7. Qd2 Rb8 8. O-O-O
e5 9. d5 Nd4 10. Nge2 Nxe2+ 11. Bxe2 Qe7 12. Kb1 h5 13. Bg5 Qf8 14. h4 Nh7 15.
g4 Nxg5 16. hxg5 hxg4 17. fxg4 Bd7 18. Qe3 b6 19. Rdf1 Ke7 20. Bd1 Qc8 21. Qf3
Qg8 22. Rxh8 Bxh8 23. Ba4 Bxa4 24. Nxa4 Rf8 25. Qd3 f6 26. c5 b5 27. cxd6+ cxd6
28. Nc3 fxg5 29. a3 Rxf1+ 30. Qxf1 Qc8 31. Qe2 Qc5 32. Kc2 Bf6 33. Kb3 Kf7 34.
Na2 a5 35. Nc3 b4 36. axb4 Qxb4+ 37. Kc2 Qc5 38. Qb5 Qf2+ 39. Kb3 Qf3 40. Qd7+
Be7 41. Ka4 Qg2 42. Kxa5 Qxb2 43. Nb5 Qd2+ 44. Kb6 Qb4 45. Ka7 Qa4+ 46. Kb6 Qb4
47. Kb7 Kf8 48. Kc8 Qa4 49. Nc7 Qxd7+ 50. Kxd7 Kf7 51. Nb5 Bf8 52. Nxd6+ Kf6
53. Nc4 Bb4 54. d6 Bc3 55. Kc7 1-0

[Event "Wch Juvenil 2010 sub16 Femenino"]
[Site "Porto Carras GRE"]
[Date "2010.10.24"]
[Round "5.5"]
[White "Jalabadze, Natia"]
[Black "Danelia, Mariam"]
[Result "1/2-1/2"]
[WhiteElo "2043"]
[BlackElo "2213"]
[PlyCount "88"]
[EventDate "2010.10.20"]
[EventType "swiss"]
[EventRounds "11"]
[EventCountry "GRE"]
[Source "lmi"]
[SourceDate "2010.10.20"]

1. e4 c5 2. Nf3 d6 3. d4 cxd4 4. Nxd4 Nf6 5. Nc3 a6 6. Bc4 e6 7. O-O Nc6 8. Bb3
Be7 9. Be3 O-O 10. f4 Nxd4 11. Bxd4 b5 12. e5 dxe5 13. fxe5 Nd7 14. Ne4 Bb7 15.
Nd6 Bxd6 16. exd6 Qg5 17. Qe2 e5 18. Bc3 Qg6 19. Rad1 Kh8 20. Bd5 Bxd5 21. Rxd5
Qe6 22. Rfd1 Rfe8 23. Ba5 f5 24. b3 e4 25. c4 bxc4 26. bxc4 f4 27. c5 Nf6 28.
R5d4 Qd7 29. Qc2 Rac8 30. Bc7 Qc6 31. Qa4 Qxc5 32. d7 Nxd7 33. Qxd7 Qxc7 34.
Qxc7 Rxc7 35. Rxe4 Rb8 36. Rxf4 h6 37. Rf2 Kh7 38. Rfd2 Rcb7 39. h3 Rb2 40. Kf2
a5 41. Ke3 Re8+ 42. Kf3 Rf8+ 43. Ke2 Re8+ 44. Kf3 Rf8+ 1/2-1/2

[Event "Wch Juvenil 2010 sub16 Femenino"]
[Site "Porto Carras GRE"]
[Date "2010.10.24"]
[Round "5.6"]
[White "Aranaz Murillo, Amalia"]
[Black "Skrabakova, Katarina"]
[Result "1-0"]
[WhiteElo "2154"]
[BlackElo "2038"]
[PlyCount "83"]
[EventDate "2010.10.20"]
[EventType "swiss"]
[EventRounds "11"]
[EventCountry "GRE"]
[Source "lmi"]
[SourceDate "2010.10.20"]

1. Nf3 d5 2. d4 Nf6 3. c4 c6 4. Qc2 g6 5. e3 Bg7 6. Nbd2 O-O 7. Bd3 Na6 8. a3
dxc4 9. Bxc4 Qb6 10. O-O Nc7 11. Bd3 Ncd5 12. Nc4 Qc7 13. b4 Bg4 14. Nfe5 Be6
15. Bb2 Nd7 16. Nxd7 Qxd7 17. Rac1 Rfc8 18. Na5 Rab8 19. Ba1 Nc7 20. Nb3 Bxb3
21. Qxb3 Ra8 22. Bb2 Rd8 23. Be4 e6 24. Rc2 Rac8 25. Rfc1 Nb5 26. Bf3 Qe8 27.
Be2 Nc7 28. Bc4 Qd7 29. h3 h6 30. Be2 Kh7 31. a4 a6 32. h4 h5 33. Rc5 Bf8 34.
R5c4 Bg7 35. Qc2 Qe7 36. g3 Kg8 37. Rc5 Nd5 38. b5 axb5 39. axb5 b6 40. Rxc6
Nb4 41. Ba3 Rxc6 42. bxc6 1-0

[Event "Wch Juvenil 2010 sub16 Femenino"]
[Site "Porto Carras GRE"]
[Date "2010.10.24"]
[Round "5.7"]
[White "Ainutdinova, Yekaterina"]
[Black "Saranya, J."]
[Result "1-0"]
[WhiteElo "1999"]
[BlackElo "2121"]
[PlyCount "69"]
[EventDate "2010.10.20"]
[EventType "swiss"]
[EventRounds "11"]
[EventCountry "GRE"]
[Source "lmi"]
[SourceDate "2010.10.20"]

1. e4 c5 2. Nf3 d6 3. d4 cxd4 4. Nxd4 Nf6 5. Nc3 a6 6. Be3 e5 7. Nb3 Be6 8. Qd2
Be7 9. f3 Nbd7 10. g4 O-O 11. O-O-O b5 12. g5 b4 13. Ne2 Ne8 14. Ng3 a5 15. Kb1
a4 16. Nc1 Qa5 17. Nf5 Bxf5 18. exf5 Nc5 19. Bc4 Rd8 20. Qg2 d5 21. f6 Bd6 22.
Bxd5 g6 23. h4 Nc7 24. h5 Nxd5 25. Rxd5 Qc7 26. Rhd1 Na6 27. Qd2 b3 28. c3 a3
29. Nxb3 Qc8 30. Rxd6 Qf5+ 31. Qc2 Rxd6 32. Rxd6 Qxf3 33. Bc1 Nc7 34. hxg6 hxg6
35. Qd3 1-0

[Event "Wch Juvenil 2010 sub16 Femenino"]
[Site "Porto Carras GRE"]
[Date "2010.10.24"]
[Round "5.9"]
[White "Eid, Maha"]
[Black "Khalaji, Hanieh"]
[Result "1/2-1/2"]
[WhiteElo "2065"]
[BlackElo "1947"]
[PlyCount "52"]
[EventDate "2010.10.20"]
[EventType "swiss"]
[EventRounds "11"]
[EventCountry "GRE"]
[Source "lmi"]
[SourceDate "2010.10.20"]

1. d4 d5 2. c4 c6 3. Nf3 Nf6 4. Qc2 dxc4 5. Qxc4 Bf5 6. g3 Nbd7 7. Bg2 Nb6 8.
Qb3 e6 9. O-O Be7 10. Nc3 O-O 11. Bf4 Nh5 12. Bd2 Nf6 13. Rfe1 Ne4 14. Nxe4
Bxe4 15. Bc3 Bf6 16. Rad1 Qc7 17. Nd2 Bxg2 18. Kxg2 Nd5 19. Ne4 Be7 20. Bd2
Rfd8 21. Nc3 Rd7 22. e4 Nxc3 23. bxc3 Rad8 24. Bf4 Bd6 25. Bg5 Be7 26. Be3 Bf6
1/2-1/2

[Event "Wch Juvenil 2010 sub16 Femenino"]
[Site "Porto Carras GRE"]
[Date "2010.10.24"]
[Round "5.10"]
[White "Ibrahimova, Sabina Oqtay"]
[Black "Leks, Maria"]
[Result "1/2-1/2"]
[WhiteElo "2029"]
[BlackElo "2052"]
[PlyCount "45"]
[EventDate "2010.10.20"]
[EventType "swiss"]
[EventRounds "11"]
[EventCountry "GRE"]
[Source "lmi"]
[SourceDate "2010.10.20"]

1. e4 e5 2. Nf3 Nf6 3. Nxe5 d6 4. Nc4 Nxe4 5. Nc3 Nxc3 6. bxc3 g6 7. d4 Bg7 8.
Bd3 O-O 9. O-O Nd7 10. Ne3 c5 11. Bb2 Nb6 12. Rb1 Na4 13. Ba1 Nxc3 14. Bxc3
cxd4 15. Bxg6 dxc3 16. Be4 Rb8 17. Qh5 h6 18. Rfd1 Qe7 19. Bf3 Be6 20. a4 b6
21. Nd5 Bxd5 22. Qxd5 Qh4 23. Be4 1/2-1/2

[Event "Wch Juvenil 2010 sub16 Femenino"]
[Site "Porto Carras GRE"]
[Date "2010.10.24"]
[Round "5.12"]
[White "Schulz, Anja"]
[Black "Vujnovic, Patricija"]
[Result "1-0"]
[WhiteElo "2052"]
[BlackElo "1921"]
[PlyCount "109"]
[EventDate "2010.10.20"]
[EventType "swiss"]
[EventRounds "11"]
[EventCountry "GRE"]
[Source "lmi"]
[SourceDate "2010.10.20"]

1. e4 Nf6 2. e5 Nd5 3. c4 Nb6 4. d4 d6 5. exd6 cxd6 6. d5 e5 7. Nc3 Be7 8. Bd3
N8d7 9. b3 Nc5 10. Bc2 f5 11. Nge2 O-O 12. f4 e4 13. O-O Bf6 14. Be3 Bd7 15.
Nd4 Qe7 16. Qe2 Rac8 17. Rac1 Rfe8 18. Rfe1 g6 19. a3 a6 20. Qf2 Qg7 21. Red1
Re7 22. Nce2 Rce8 23. b4 Nca4 24. Bxa4 Nxa4 25. Rd2 Rc8 26. Rdc2 b6 27. h3 Ree8
28. Kh1 Rc7 29. Qe1 Rec8 30. Qd2 h6 31. Kh2 Qf7 32. Nc3 Nxc3 33. Rxc3 Kh7 34.
Qa2 Qe7 35. a4 b5 36. axb5 axb5 37. Qa6 Qg7 38. Rd1 Rxc4 39. Rxc4 bxc4 40. Qxd6
Ba4 41. Ne6 Qf7 42. Rf1 Bc2 43. Qa6 Rb8 44. Qd6 Re8 45. g4 Bd3 46. Rg1 fxg4 47.
hxg4 Ra8 48. Kg3 Be7 49. Qe5 Bf6 50. Qd6 Ra3 51. Rh1 h5 52. g5 Be2 53. gxf6
Rxe3+ 54. Kf2 Bf3 55. Ng5+ 1-0

[Event "Wch Juvenil 2010 sub16 Femenino"]
[Site "Porto Carras GRE"]
[Date "2010.10.24"]
[Round "6.1"]
[White "Chumpitaz, Ann"]
[Black "Ziaziulkina, Nastassia"]
[Result "1/2-1/2"]
[WhiteElo "2150"]
[BlackElo "2284"]
[PlyCount "116"]
[EventDate "2010.10.20"]
[EventType "swiss"]
[EventRounds "11"]
[EventCountry "GRE"]
[Source "lmi"]
[SourceDate "2010.10.20"]

1. e4 c5 2. Nf3 d6 3. d4 cxd4 4. Nxd4 Nf6 5. Nc3 a6 6. h3 e6 7. g4 Be7 8. Bg2
Nfd7 9. Be3 Nc6 10. Qe2 Nxd4 11. Bxd4 O-O 12. O-O Qc7 13. a4 b6 14. f4 Bb7 15.
Bf2 Rac8 16. Rfd1 Nc5 17. Ra3 Rfe8 18. Qe3 Bf8 19. b4 Nd7 20. Rb3 Qb8 21. Rd2
Qa8 22. g5 a5 23. bxa5 Qxa5 24. Qg3 Bc6 25. Re2 Nc5 26. Rb1 Qa6 27. Rd2 Rb8 28.
Qe3 Qa5 29. Nb5 Red8 30. Be1 Qxa4 31. Nc3 Qa3 32. Qg3 b5 33. Rdd1 Qa8 34. Rb4
Na6 35. Rbd4 Qa7 36. Bf2 Qc7 37. Ne2 Nc5 38. Qc3 Na4 39. Qe3 Nb2 40. Rb1 Nc4
41. Qb3 Ra8 42. Qg3 Ra3 43. Rd3 Rda8 44. Nd4 Ra1 45. Rdd1 Rxb1 46. Rxb1 Ra3 47.
Rb3 Ra1+ 48. Kh2 Nd2 49. Rc3 Nxe4 50. Rxc6 Qxc6 51. Nxc6 Nxg3 52. Bxg3 g6 53.
Be4 d5 54. Bd3 b4 55. Kg2 Rd1 56. Na5 Bg7 57. Bf2 Bc3 58. Nb3 h6 1/2-1/2

[Event "Wch Juvenil 2010 sub16 Femenino"]
[Site "Porto Carras GRE"]
[Date "2010.10.24"]
[Round "6.2"]
[White "Phan, Nguyen Mai Chi"]
[Black "Nguyen, Thi Mai Hung"]
[Result "1/2-1/2"]
[WhiteElo "2106"]
[BlackElo "2258"]
[PlyCount "103"]
[EventDate "2010.10.20"]
[EventType "swiss"]
[EventRounds "11"]
[EventCountry "GRE"]
[Source "lmi"]
[SourceDate "2010.10.20"]

1. d4 Nf6 2. c4 e6 3. Nf3 b6 4. g3 Bb7 5. Bg2 c5 6. d5 exd5 7. Nh4 Qc8 8. cxd5
d6 9. Nc3 Be7 10. O-O O-O 11. e4 Re8 12. f4 Nbd7 13. h3 a6 14. a4 Bf8 15. Re1
c4 16. Qd4 b5 17. axb5 axb5 18. Rxa8 Bxa8 19. Nxb5 Bxd5 20. Kf1 Qb7 21. Nc3 Bc6
22. Nd5 Bxd5 23. exd5 Rxe1+ 24. Kxe1 Qb3 25. Qe3 Qb4+ 26. Qd2 Qb3 27. Nf5 Nc5
28. Qc3 Qxc3+ 29. bxc3 Nfe4 30. Bxe4 Nxe4 31. g4 Nxc3 32. Ne3 Be7 33. Bb2 Nb5
34. Nxc4 g6 35. Ke2 Kf8 36. Kd3 Ke8 37. Ne3 Kd7 38. Kc4 Nc7 39. Bd4 Ne8 40. g5
f6 41. h4 Bd8 42. Ng4 fxg5 43. hxg5 Ba5 44. Kd3 Bb4 45. Ke4 Bd2 46. Kf3 Ke7 47.
Nf2 Bb4 48. Ne4 Kf7 49. Kg4 Nc7 50. Bc3 Nxd5 51. Bxb4 Nxb4 52. Nxd6+ 1/2-1/2

[Event "Wch Juvenil 2010 sub16 Femenino"]
[Site "Porto Carras GRE"]
[Date "2010.10.24"]
[Round "6.3"]
[White "Arabidze, Meri"]
[Black "Kessler, Michaela"]
[Result "1-0"]
[WhiteElo "2288"]
[BlackElo "2052"]
[PlyCount "69"]
[EventDate "2010.10.20"]
[EventType "swiss"]
[EventRounds "11"]
[EventCountry "GRE"]
[Source "lmi"]
[SourceDate "2010.10.20"]

1. d4 Nf6 2. c4 e6 3. Nf3 Bb4+ 4. Bd2 Qe7 5. g3 O-O 6. Bg2 Bxd2+ 7. Qxd2 d6 8.
Nc3 e5 9. O-O Re8 10. e4 Bg4 11. d5 Bxf3 12. Bxf3 a5 13. a3 Na6 14. Rab1 Nd7
15. b4 axb4 16. axb4 g6 17. Bg2 Rf8 18. Bh3 Nf6 19. Rfc1 Nh5 20. Na4 b6 21. Qc2
Rab8 22. Nc3 Ng7 23. Qb2 f5 24. Ra1 Ra8 25. Ra2 c5 26. dxc6 fxe4 27. Nd5 Qd8
28. Rca1 Nc7 29. Nxb6 Rxa2 30. Qxa2 Nge6 31. c5 Qe7 32. Nd5 Qf7 33. Nxc7 Nxc7
34. Qxf7+ Kxf7 35. Ra7 1-0

[Event "Wch Juvenil 2010 sub16 Femenino"]
[Site "Porto Carras GRE"]
[Date "2010.10.24"]
[Round "6.4"]
[White "Hakimifard, Ghazal"]
[Black "Ainutdinova, Yekaterina"]
[Result "1-0"]
[WhiteElo "2173"]
[BlackElo "1999"]
[PlyCount "73"]
[EventDate "2010.10.20"]
[EventType "swiss"]
[EventRounds "11"]
[EventCountry "GRE"]
[Source "lmi"]
[SourceDate "2010.10.20"]

1. e4 e5 2. Nf3 Nc6 3. Bb5 a6 4. Ba4 Nf6 5. d3 b5 6. Bb3 d6 7. c3 g6 8. O-O Bg7
9. Bg5 O-O 10. a4 Bb7 11. Na3 b4 12. Nc2 bxc3 13. bxc3 Na5 14. Ba2 Qd7 15. Ne3
Bc6 16. Bb1 Rab8 17. Bc2 Rb2 18. Re1 Rfb8 19. Nd2 d5 20. Bxf6 Bxf6 21. Qf3 Bg5
22. exd5 Bxe3 23. dxc6 Qxc6 24. Qxe3 Rxc2 25. Rab1 Rxb1 26. Rxb1 Rxc3 27. Ne4
Rb3 28. Rc1 Qb6 29. Qh6 Rb2 30. h4 f5 31. Rxc7 Qxc7 32. Nf6+ Kf7 33. Qxh7+ Kxf6
34. Qxc7 Nb7 35. Qc6+ Kf7 36. Qxa6 Nd8 37. Qd6 1-0

[Event "Wch Juvenil 2010 sub16 Femenino"]
[Site "Porto Carras GRE"]
[Date "2010.10.24"]
[Round "6.5"]
[White "Schulz, Anja"]
[Black "Aranaz Murillo, Amalia"]
[Result "1-0"]
[WhiteElo "2052"]
[BlackElo "2154"]
[PlyCount "89"]
[EventDate "2010.10.20"]
[EventType "swiss"]
[EventRounds "11"]
[EventCountry "GRE"]
[Source "lmi"]
[SourceDate "2010.10.20"]

1. e4 c6 2. d4 d5 3. exd5 cxd5 4. c4 Nf6 5. Nc3 e6 6. Nf3 Bb4 7. cxd5 Nxd5 8.
Bd2 Nc6 9. Bd3 Be7 10. a3 O-O 11. h4 Bf6 12. Bxh7+ Kh8 13. Ng5 g6 14. h5 Bxg5
15. hxg6 Bxd2+ 16. Qxd2 Qf6 17. Qh6 Qg7 18. Qh5 Nf4 19. Qf3 e5 20. gxf7 Rxf7
21. Bg6+ Kg8 22. Bxf7+ Qxf7 23. dxe5 Nxe5 24. Qg3+ Nfg6 25. Kf1 b6 26. Rh5 Ba6+
27. Kg1 Re8 28. Ne4 Re7 29. Qg5 Re6 30. Re1 Bb7 31. Re3 Bxe4 32. Rxe4 Qf6 33.
Qxf6 Rxf6 34. Rhxe5 Nxe5 35. Rxe5 Kf7 36. f3 Rc6 37. Kf2 Kf6 38. f4 Rc2+ 39.
Re2 Rc4 40. Kf3 Rd4 41. g4 Rd3+ 42. Ke4 Rd8 43. Rc2 Rd6 44. g5+ Kg6 45. Ke5 1-0